रोहित ज्ञान विज्ञान एन्साइक्लोपीडिया:पक्षियों का विचित्र संसार/ (Record no. 60807)

MARC details
000 -LEADER
fixed length control field 03441nam a22003257a 4500
005 - DATE AND TIME OF LATEST TRANSACTION
control field 20120112154022.0
010 ## - LCCN (DPL NO)
LC control number B-476092-100
020 ## - INTERNATIONAL STANDARD BOOK NUMBER
International Standard Book Number 97881905101144
Terms of availability 395.00
035 ## - SYSTEM CONTROL NUMBER
System control number B-476092-100
037 ## - SOURCE OF ACQUISITION
Source of stock number/acquisition ब्लूबेरी बुक्स
082 ## - DEWEY DECIMAL CLASSIFICATION NUMBER
Classification number 030
100 ## - MAIN ENTRY--PERSONAL NAME
Personal name सिंह, निशांत
245 ## - TITLE STATEMENT
Title रोहित ज्ञान विज्ञान एन्साइक्लोपीडिया:पक्षियों का विचित्र संसार/
Statement of responsibility, etc निशांत सिंह; श्याम जगोता द्वारा चित्रांकन
260 ## - PUBLICATION, DISTRIBUTION, ETC. (IMPRINT)
Place of publication, distribution, etc दिल्ली
Name of publisher, distributor, etc रोहित पब्लिशिंग हाउस
Date of publication, distribution, etc 2011
270 ## - ADDRESS
Address 518/6 बी, कड़कड़ी रोड, विश्नास नगर,
City दिल्ली
Postal code 110032
300 ## - PHYSICAL DESCRIPTION
Extent 144 पृ.
Other physical details सचित्र (सजिल्द)
Dimensions 24 सें.मी.
700 ## - ADDED ENTRY--PERSONAL NAME
Personal name सिंह, निशांत
9 (RLIN) 39104
942 ## - ADDED ENTRY ELEMENTS (KOHA)
Source of classification or shelving scheme Dewey Decimal Classification
Item type Children Books
Classification part 030
Call number suffix सिंहनि
Holdings
Withdrawn status Lost status Not for loan Home library Current library Date acquired Cost, normal purchase price Full call number Cost, replacement price Koha item type Collection code Source of acquisition Barcode Copy number Public note
    Ordered Andrews Gunj Andrews Gunj 15/02/2012 395.00 030 सिंहनि 395.00 Children Books          
      Central Library Central Library 17/08/2012 395.00 030 सिंहनि 395.00 Children Books Non-fiction ब्लूबेरी बुक्स/IN8256/29.03.12/43/20.03.12/30.03.12 B-476095 1  
      Janak Puri Janak Puri 17/08/2012 395.00 030 सिंहनि 395.00 Children Books Non-fiction ब्लूबेरी बुक्स/IN8256/29.03.12/43/20.03.12/30.03.12 B-476097 1 Rs-395, RC No. 90/005,Dt-13-09-2014
      Karol Bagh Karol Bagh 17/08/2012 395.00 030 सिंहनि 395.00 Children Books Non-fiction ब्लूबेरी बुक्स/IN8256/29.03.12/43/20.03.12/30.03.12 B-476098 1  
  Written-off vide DLB M. No. 383 dt 16.05.19   Mobile Library Mobile Library 17/08/2012 395.00 030 सिंहनि 395.00 Children Books Non-fiction ब्लूबेरी बुक्स/IN8256/29.03.12/43/20.03.12/30.03.12 B-476092 2  
      Mobile Library Mobile Library 17/08/2012 395.00 030 सिंहनि 395.00 Children Books Non-fiction ब्लूबेरी बुक्स/IN8256/29.03.12/43/20.03.12/30.03.12 B-476093 2  
      New Police Line New Police Line 17/08/2012 395.00 030 सिंहनि 395.00 Children Books Non-fiction ब्लूबेरी बुक्स/IN8256/29.03.12/43/20.03.12/30.03.12 B-476094 1  
Written off Written-off vide DLB M. No. 388 dt 23.02.22   New Rohtak Road New Rohtak Road 17/08/2012 395.00 030 सिंहनि 395.00 Children Books Non-fiction ब्लूबेरी बुक्स/IN8256/29.03.12/43/20.03.12/30.03.12 B-476099 1  
  Written-off vide DLB M. No. 383 dt 16.05.19   Patel Nagar Patel Nagar 17/08/2012 395.00 030 सिंहनि 395.00 Children Books Non-fiction ब्लूबेरी बुक्स/IN8256/29.03.12/43/20.03.12/30.03.12 B-476096 1  
      Shahdara Branch Shahdara Branch 17/08/2012 395.00 030 सिंहनि 395.00 Children Books Non-fiction ब्लूबेरी बुक्स/IN8256/29.03.12/43/20.03.12/30.03.12 B-476100 1  

© Delhi Public Library
Hit Counter
free hit counter